[Event "Bundesliga 9900"]
[Site "Deutschland"]
[Date "2000.04.09"]
[Round "15.2"]
[White "Socko, Bartosz"]
[Black "Nielsen, Peter Heine"]
[Result "0-1"]
[WhiteElo "2543"]
[BlackElo "2560"]
[PlyCount "118"]
[EventDate "1999.10.09"]
[EventType "team"]
[EventRounds "15"]
[EventCountry "GER"]
[SourceTitle "Bundesliga 9900"]
[Source "DeepChess"]
[SourceDate "2005.01.01"]
[SourceVersion "1"]
[SourceVersionDate "2005.01.01"]
[SourceQuality "1"]
[WhiteTeam "Dresdner SC 1898"]
[BlackTeam "SV Wattenscheid 1930"]
[WhiteTeamCountry "GER"]
[BlackTeamCountry "GER"]

1. g3 c5 2. Bg2 g6 3. Nf3 Bg7 4. O-O Nc6 5. d3 e5 6. e4 Nge7 7. Be3 d6 8. Qd2
O-O 9. Bh6 f6 10. Bxg7 Kxg7 11. Nc3 Be6 12. Ne1 d5 13. exd5 Nxd5 14. Nf3 Qd7
15. a3 Nxc3 16. Qxc3 Rac8 17. Qd2 Rfd8 18. Qe3 Nd4 19. Nxd4 Qxd4 20. b3 b6 21.
Rae1 Bf7 22. Qc1 Re8 23. Re2 b5 24. a4 c4 25. dxc4 bxc4 26. c3 Qg4 27. f3 Qd7
28. Rd1 Qc6 29. b4 Qxa4 30. Red2 Rc7 31. Bh3 Ree7 32. Rd6 a5 33. f4 Qb5 34.
bxa5 Qxa5 35. f5 Qc5+ 36. Kh1 Rcd7 37. Rxd7 Rxd7 38. Rxd7 Qc6+ 39. Kg1 Qxd7 40.
fxg6 Qa7+ 41. Kf1 Bxg6 42. Bg4 Bd3+ 43. Kg2 Be4+ 44. Kf1 Qa2 45. Be2 Bd3 46.
Bxd3 cxd3 47. Qd1 Qc4 48. Kf2 Qxc3 49. Qg4+ Kf8 50. Qe6 Qd4+ 51. Kg2 e4 52.
Qc8+ Kf7 53. Qf5 d2 54. Qxh7+ Ke6 55. Qg8+ Kd6 56. Qd8+ Kc5 57. Qa5+ Kc4 58.
Qa2+ Kb4 59. Qb1+ Ka3 0-1

[Event "Bundesliga 9900"]
[Site "Deutschland"]
[Date "2000.04.09"]
[Round "15.3"]
[White "Rustemov, Alexander"]
[Black "Boensch, Uwe"]
[Result "0-1"]
[WhiteElo "2573"]
[BlackElo "2547"]
[PlyCount "74"]
[EventDate "1999.10.09"]
[EventType "team"]
[EventRounds "15"]
[EventCountry "GER"]
[SourceTitle "Bundesliga 9900"]
[Source "DeepChess"]
[SourceDate "2005.01.01"]
[SourceVersion "1"]
[SourceVersionDate "2005.01.01"]
[SourceQuality "1"]
[WhiteTeam "SV Wattenscheid 1930"]
[BlackTeam "Dresdner SC 1898"]
[WhiteTeamCountry "GER"]
[BlackTeamCountry "GER"]

1. d4 Nf6 2. Bg5 e6 3. Nf3 h6 4. Bxf6 Qxf6 5. e4 g6 6. c3 Bg7 7. g3 d6 8. Bh3
Nd7 9. Nbd2 O-O 10. O-O e5 11. d5 h5 12. Qe2 Bh6 13. Nc4 Qg7 14. Rad1 a6 15.
Na5 Rb8 16. Kh1 Qh7 17. Rg1 f5 18. exf5 gxf5 19. Nh4 Nf6 20. f4 exf4 21. gxf4+
Ng4 22. Qd2 Bd7 23. Rde1 Rbe8 24. Nxb7 Re4 25. Ng2 Rfe8 26. Na5 Qf7 27. Nb3 Kh7
28. Bxg4 hxg4 29. Rxe4 fxe4 30. Re1 Bb5 31. Ne3 Qxf4 32. Nd4 g3 33. Qg2 Rg8 34.
h3 Qf2 35. Qxe4+ Kh8 36. Ng2 Rf8 37. Rg1 Qxg1+ 0-1

[Event "Bundesliga 9900"]
[Site "Deutschland"]
[Date "2000.04.09"]
[Round "15.4"]
[White "Borriss, Martin"]
[Black "Hall, Jesper"]
[Result "1/2-1/2"]
[WhiteElo "2440"]
[BlackElo "2476"]
[PlyCount "26"]
[EventDate "1999.10.09"]
[EventType "team"]
[EventRounds "15"]
[EventCountry "GER"]
[SourceTitle "Bundesliga 9900"]
[Source "DeepChess"]
[SourceDate "2005.01.01"]
[SourceVersion "1"]
[SourceVersionDate "2005.01.01"]
[SourceQuality "1"]
[WhiteTeam "Dresdner SC 1898"]
[BlackTeam "SV Wattenscheid 1930"]
[WhiteTeamCountry "GER"]
[BlackTeamCountry "GER"]

1. e4 c5 2. Nf3 Nc6 3. d4 cxd4 4. Nxd4 Nf6 5. Nc3 e6 6. Ndb5 Bc5 7. Bf4 O-O 8.
Bd6 Qb6 9. Bxc5 Qxc5 10. Qd6 Qb6 11. Qc7 Qc5 12. Qd6 Qb6 13. Qc7 Qc5 1/2-1/2

[Event "Bundesliga 9900"]
[Site "Deutschland"]
[Date "2000.04.09"]
[Round "15.5"]
[White "Holzke, Frank"]
[Black "Maiwald, Jens Uwe"]
[Result "1/2-1/2"]
[WhiteElo "2448"]
[BlackElo "2488"]
[PlyCount "40"]
[EventDate "1999.10.09"]
[EventType "team"]
[EventRounds "15"]
[EventCountry "GER"]
[SourceTitle "Bundesliga 9900"]
[Source "DeepChess"]
[SourceDate "2005.01.01"]
[SourceVersion "1"]
[SourceVersionDate "2005.01.01"]
[SourceQuality "1"]
[WhiteTeam "SV Wattenscheid 1930"]
[BlackTeam "Dresdner SC 1898"]
[WhiteTeamCountry "GER"]
[BlackTeamCountry "GER"]

1. e4 c5 2. Nf3 e6 3. d4 cxd4 4. Nxd4 a6 5. Bd3 g6 6. c4 Bg7 7. Ne2 Ne7 8. Nbc3
O-O 9. O-O Nbc6 10. Bg5 h6 11. Bh4 d6 12. f4 f5 13. Qd2 Qc7 14. Rad1 Nd8 15.
Ng3 Nf7 16. exf5 Nxf5 17. Bxf5 exf5 18. Nd5 Qxc4 19. Ne2 Be6 20. Nb6 Qxa2
1/2-1/2

[Event "Bundesliga 9900"]
[Site "Deutschland"]
[Date "2000.04.09"]
[Round "15.6"]
[White "Lanka, Zigurds"]
[Black "Ellers, Holger"]
[Result "1-0"]
[WhiteElo "2504"]
[BlackElo "2426"]
[PlyCount "71"]
[EventDate "1999.10.09"]
[EventType "team"]
[EventRounds "15"]
[EventCountry "GER"]
[SourceTitle "Bundesliga 9900"]
[Source "DeepChess"]
[SourceDate "2005.01.01"]
[SourceVersion "1"]
[SourceVersionDate "2005.01.01"]
[SourceQuality "1"]
[WhiteTeam "Dresdner SC 1898"]
[BlackTeam "SV Wattenscheid 1930"]
[WhiteTeamCountry "GER"]
[BlackTeamCountry "GER"]

1. e4 e6 2. d4 d5 3. Nc3 Nf6 4. Bg5 Bb4 5. exd5 Qxd5 6. Bxf6 Bxc3+ 7. bxc3 gxf6
8. Qd2 Qa5 9. g3 Bd7 10. Bg2 Bc6 11. Nf3 Nd7 12. O-O O-O-O 13. Rfb1 Nb6 14. a4
Qh5 15. Ne1 Rd6 16. Qd3 Qg6 17. Qf1 e5 18. a5 Nd5 19. Rb3 e4 20. c4 Ne7 21. d5
Bd7 22. Rab1 b5 23. axb6 Rxb6 24. c5 Rxb3 25. Rxb3 Kd8 26. Qa6 Nc8 27. Rb7 Qg5
28. Qa5 Qxd5 29. Qxc7+ Ke7 30. c6 Rd8 31. cxd7 Nd6 32. Rxa7 Qd2 33. Ra1 Rxd7
34. Qc5 f5 35. Qe5+ Kd8 36. c4 1-0

[Event "Bundesliga 9900"]
[Site "Deutschland"]
[Date "2000.04.09"]
[Round "15.7"]
[White "Straeter, Timo"]
[Black "Uhlmann, Wolfgang"]
[Result "1/2-1/2"]
[WhiteElo "2316"]
[BlackElo "2461"]
[PlyCount "66"]
[EventDate "1999.10.09"]
[EventType "team"]
[EventRounds "15"]
[EventCountry "GER"]
[SourceTitle "Bundesliga 9900"]
[Source "DeepChess"]
[SourceDate "2005.01.01"]
[SourceVersion "1"]
[SourceVersionDate "2005.01.01"]
[SourceQuality "1"]
[WhiteTeam "SV Wattenscheid 1930"]
[BlackTeam "Dresdner SC 1898"]
[WhiteTeamCountry "GER"]
[BlackTeamCountry "GER"]

1. d4 Nf6 2. Nf3 g6 3. Bg5 Bg7 4. c3 b6 5. Nbd2 Bb7 6. e3 c5 7. Bd3 d6 8. O-O
O-O 9. Qe2 Nc6 10. a3 h6 11. Bh4 Re8 12. Bxf6 Bxf6 13. Ba6 Bxa6 14. Qxa6 Qc7
15. Qd3 Rac8 16. Ne4 Bg7 17. d5 Na5 18. h4 Qd7 19. b4 Nb3 20. Rad1 c4 21. Qe2
Qg4 22. Qc2 Rf8 23. Ng3 f5 24. Ne2 Be5 25. Nxe5 dxe5 26. g3 Rcd8 27. f3 Qh5 28.
f4 e4 29. Nd4 Nxd4 30. Rxd4 b5 31. Qd1 Qxd1 32. Rfxd1 Rf6 33. a4 a6 1/2-1/2

[Event "Bundesliga 9900"]
[Site "Deutschland"]
[Date "2000.04.09"]
[Round "15.8"]
[White "Heinatz, Thomas"]
[Black "Franke, Johannes"]
[Result "0-1"]
[WhiteElo "2349"]
[BlackElo "2272"]
[PlyCount "134"]
[EventDate "1999.10.09"]
[EventType "team"]
[EventRounds "15"]
[EventCountry "GER"]
[SourceTitle "Bundesliga 9900"]
[Source "DeepChess"]
[SourceDate "2005.01.01"]
[SourceVersion "1"]
[SourceVersionDate "2005.01.01"]
[SourceQuality "1"]
[WhiteTeam "Dresdner SC 1898"]
[BlackTeam "SV Wattenscheid 1930"]
[WhiteTeamCountry "GER"]
[BlackTeamCountry "GER"]

1. e4 c6 2. d4 d5 3. Nc3 dxe4 4. Nxe4 Nf6 5. Nxf6+ gxf6 6. Bc4 Bf5 7. Nf3 Nd7
8. Nh4 Bg6 9. Bf4 e6 10. O-O Nb6 11. Bb3 Bd6 12. Qf3 Bxf4 13. Qxf4 Nd5 14. Qh6
Qe7 15. c4 Nc7 16. Nxg6 fxg6 17. d5 O-O-O 18. dxc6 bxc6 19. Qe3 c5 20. Rad1 e5
21. f4 e4 22. f5 Qe5 23. Qh3 g5 24. Rde1 Rd2 25. Qc3 Qd4+ 26. Qxd4 Rxd4 27. Bc2
Re8 28. b3 Re5 29. g4 Ne8 30. h3 Nd6 31. Kf2 e3+ 32. Kf3 Rf4+ 33. Ke2 Rd4 34.
Rd1 Rxd1 35. Rxd1 Kc7 36. Kf3 Re7 37. Re1 Nf7 38. Rxe3 Ne5+ 39. Ke2 Rd7 40. Be4
Rd4 41. Bd5 h5 42. gxh5 Rh4 43. Bf7 Nxf7 44. Re7+ Kd6 45. Rxf7 Ke5 46. Rc7 Rxh3
47. Rxc5+ Ke4 48. Rc6 Rh2+ 49. Ke1 Kxf5 50. Ra6 Rxh5 51. Rxa7 Rh2 52. c5 Rc2
53. b4 Kf4 54. Ra6 f5 55. c6 g4 56. b5 g3 57. Kf1 Rc3 58. Kg2 Kg4 59. c7 Rc2+
60. Kf1 Rxc7 61. Rg6+ Kf3 62. Rc6 Rd7 63. Rc3+ Kg4 64. b6 Rd1+ 65. Kg2 f4 66.
Rc4 Rd2+ 67. Kg1 Rb2 0-1

[Event "Bundesliga 9900"]
[Site "Deutschland"]
[Date "2000.04.09"]
[Round "15.2"]
[White "Gurevich, Mikhail"]
[Black "Slobodjan, Roman"]
[Result "1-0"]
[WhiteElo "2643"]
[BlackElo "2550"]
[PlyCount "69"]
[EventDate "1999.10.09"]
[EventType "team"]
[EventRounds "15"]
[EventCountry "GER"]
[SourceTitle "Bundesliga 9900"]
[Source "DeepChess"]
[SourceDate "2005.01.01"]
[SourceVersion "1"]
[SourceVersionDate "2005.01.01"]
[SourceQuality "1"]
[WhiteTeam "Godesberger SK 1929"]
[BlackTeam "USC Magdeburg"]
[WhiteTeamCountry "GER"]
[BlackTeamCountry "GER"]

1. d4 d5 2. c4 c6 3. Nf3 Nf6 4. e3 a6 5. Nc3 b5 6. cxd5 cxd5 7. Bd3 Bg4 8. e4
dxe4 9. Nxe4 Nc6 10. Nxf6+ exf6 11. Be4 Rc8 12. O-O Bd6 13. Bxc6+ Rxc6 14. Re1+
Be7 15. Bf4 Qd5 16. a4 Re6 17. axb5 axb5 18. Ra7 Bb4 19. Rxe6+ Bxe6 20. Ne1 Bc5
21. Ra1 Bxd4 22. Nc2 Be5 23. Qxd5 Bxd5 24. Bxe5 fxe5 25. Nb4 Bb7 26. Ra7 Bc8
27. Nc6 e4 28. Ne7 Bd7 29. Ra8+ Kxe7 30. Rxh8 h6 31. Kf1 Be8 32. Ke2 f5 33. Ke3
Kf7 34. Kf4 g6 35. Ke5 1-0

[Event "Bundesliga 9900"]
[Site "Deutschland"]
[Date "2000.04.09"]
[Round "15.3"]
[White "Nisipeanu, Liviu Dieter"]
[Black "Kengis, Edvins"]
[Result "1/2-1/2"]
[WhiteElo "2584"]
[BlackElo "2573"]
[PlyCount "143"]
[EventDate "1999.10.09"]
[EventType "team"]
[EventRounds "15"]
[EventCountry "GER"]
[SourceTitle "Bundesliga 9900"]
[Source "DeepChess"]
[SourceDate "2005.01.01"]
[SourceVersion "1"]
[SourceVersionDate "2005.01.01"]
[SourceQuality "1"]
[WhiteTeam "USC Magdeburg"]
[BlackTeam "Godesberger SK 1929"]
[WhiteTeamCountry "GER"]
[BlackTeamCountry "GER"]

1. e4 c5 2. Nf3 e6 3. Nc3 a6 4. d4 cxd4 5. Nxd4 b5 6. Bd3 Qb6 7. Nf3 Qc7 8. e5
Nc6 9. O-O Bb7 10. Re1 b4 11. Na4 d6 12. exd6 Bxd6 13. Be3 Nf6 14. Nb6 Rd8 15.
Nc4 Nd5 16. Nxd6+ Qxd6 17. Bg5 f6 18. Bd2 O-O 19. Qe2 e5 20. Rad1 Nce7 21. Qe4
g6 22. c3 bxc3 23. bxc3 Qc7 24. Bh6 Nb6 25. Qh4 Rf7 26. Bc2 Bd5 27. c4 Qxc4 28.
Qxc4 Nxc4 29. g4 Rc8 30. Be4 Nb6 31. Rb1 Bxe4 32. Rxe4 Ned5 33. g5 Nc3 34. Reb4
Nxb1 35. Rxb6 Nc3 36. gxf6 Nd5 37. Rxa6 Rxf6 38. Rxf6 Nxf6 39. Nxe5 Ra8 40. h3
Rxa2 41. Ng4 Ne4 42. Be3 Kf7 43. Kg2 Ke6 44. Nh2 Kf5 45. Nf3 Nf6 46. Nd4+ Ke4
47. Nf3 Nd5 48. Bh6 Nf4+ 49. Bxf4 Kxf4 50. Nh2 h5 51. Nf3 Ra5 52. Ng1 Ra2 53.
Nf3 g5 54. Nh2 Ra3 55. Nf1 Rd3 56. Nh2 g4 57. hxg4 h4 58. Nf1 h3+ 59. Kh2 Kxg4
60. Ne3+ Kf3 61. Nf5 Kxf2 62. Nh4 Ra3 63. Ng6 Rb3 64. Nh4 Ke3 65. Kxh3 Kf4+ 66.
Kh2 Rb2+ 67. Kh3 Rb3+ 68. Kh2 Kg4 69. Ng2 Rb2 70. Kg1 Kg3 71. Ne1 Re2 72. Kf1
1/2-1/2

[Event "Bundesliga 9900"]
[Site "Deutschland"]
[Date "2000.04.09"]
[Round "15.4"]
[White "David, Alberto"]
[Black "Rogozenko, Dorian"]
[Result "1/2-1/2"]
[WhiteElo "2544"]
[BlackElo "2576"]
[PlyCount "102"]
[EventDate "1999.10.09"]
[EventType "team"]
[EventRounds "15"]
[EventCountry "GER"]
[SourceTitle "Bundesliga 9900"]
[Source "DeepChess"]
[SourceDate "2005.01.01"]
[SourceVersion "1"]
[SourceVersionDate "2005.01.01"]
[SourceQuality "1"]
[WhiteTeam "Godesberger SK 1929"]
[BlackTeam "USC Magdeburg"]
[WhiteTeamCountry "GER"]
[BlackTeamCountry "GER"]

1. e4 c5 2. Nf3 Nc6 3. Nc3 e5 4. Bc4 Be7 5. d3 d6 6. Nd2 Nf6 7. Nf1 Bg4 8. f3
Be6 9. Ne3 O-O 10. a3 Ne8 11. O-O Nc7 12. Ned5 Bxd5 13. Nxd5 Nxd5 14. Bxd5 Bg5
15. c3 Bxc1 16. Qxc1 Qb6 17. f4 Ne7 18. Bc4 exf4 19. Qxf4 Kh8 20. Kh1 f6 21.
Qd2 Rad8 22. Rae1 d5 23. exd5 Nxd5 24. Qf2 Qc7 25. Qf3 Ne7 26. Qh5 Ng6 27. Re4
Ne5 28. Rh4 h6 29. Qe2 Qd7 30. Re4 Nxc4 31. Rxc4 Qxd3 32. Qxd3 Rxd3 33. Rxc5
Rf7 34. Rcf5 Re7 35. R5f2 Kh7 36. Kg1 h5 37. Rf3 Rd6 38. R1f2 Kg6 39. g3 Re1+
40. Kg2 Rdd1 41. Rf4 Rg1+ 42. Kh3 Rd6 43. Ra4 a6 44. Rb4 b6 45. Ra4 b5 46. Rh4
Kh6 47. Rhf4 Re6 48. Rg2 Rd1 49. Rgf2 Rdd6 50. a4 g5 51. Rb4 Re5 1/2-1/2

[Event "Bundesliga 9900"]
[Site "Deutschland"]
[Date "2000.04.09"]
[Round "15.5"]
[White "Baklan, Vladimir"]
[Black "Kveinys, Aloyzas"]
[Result "1-0"]
[WhiteElo "2591"]
[BlackElo "2515"]
[PlyCount "57"]
[EventDate "1999.10.09"]
[EventType "team"]
[EventRounds "15"]
[EventCountry "GER"]
[SourceTitle "Bundesliga 9900"]
[Source "DeepChess"]
[SourceDate "2005.01.01"]
[SourceVersion "1"]
[SourceVersionDate "2005.01.01"]
[SourceQuality "1"]
[WhiteTeam "USC Magdeburg"]
[BlackTeam "Godesberger SK 1929"]
[WhiteTeamCountry "GER"]
[BlackTeamCountry "GER"]

1. e4 c5 2. Nf3 e6 3. Nc3 a6 4. d4 cxd4 5. Nxd4 Qc7 6. Bd3 Nc6 7. Be3 Nf6 8.
O-O b5 9. Nb3 Be7 10. f4 d6 11. Qf3 Bb7 12. Qh3 Nb4 13. Rae1 d5 14. e5 Ne4 15.
f5 exf5 16. Qxf5 O-O 17. Nxe4 dxe4 18. Bxe4 Bxe4 19. Qxe4 Qc6 20. Qg4 Nxa2 21.
Nd4 Qg6 22. Qxg6 fxg6 23. Nc6 Rxf1+ 24. Rxf1 Bf8 25. c3 b4 26. Ra1 b3 27. Na5
Rb8 28. e6 h6 29. Bd4 1-0

[Event "Bundesliga 9900"]
[Site "Deutschland"]
[Date "2000.04.09"]
[Round "15.6"]
[White "Heinbuch, Detlef"]
[Black "Georgiev, Vladimir"]
[Result "0-1"]
[WhiteElo "2394"]
[BlackElo "2519"]
[PlyCount "84"]
[EventDate "1999.10.09"]
[EventType "team"]
[EventRounds "15"]
[EventCountry "GER"]
[SourceTitle "Bundesliga 9900"]
[Source "DeepChess"]
[SourceDate "2005.01.01"]
[SourceVersion "1"]
[SourceVersionDate "2005.01.01"]
[SourceQuality "1"]
[WhiteTeam "Godesberger SK 1929"]
[BlackTeam "USC Magdeburg"]
[WhiteTeamCountry "GER"]
[BlackTeamCountry "GER"]

1. d4 Nf6 2. Nf3 g6 3. g3 Bg7 4. Bg2 O-O 5. O-O c6 6. c4 d6 7. Nc3 Qa5 8. h3 e5
9. d5 cxd5 10. cxd5 Bd7 11. a3 Rc8 12. b4 Qd8 13. Bb2 a5 14. Nd2 axb4 15. axb4
Rxa1 16. Bxa1 Qb6 17. Qb3 Bh6 18. Nc4 Qc7 19. Na3 Na6 20. e3 Ne8 21. Kh2 f5 22.
Rb1 Bg7 23. Ne2 Qb6 24. Nc3 Qc7 25. Ne2 Qd8 26. Bc3 h5 27. f3 h4 28. g4 Nf6 29.
Be1 fxg4 30. fxg4 Bh6 31. Bf2 Bxg4 32. hxg4 Nxg4+ 33. Kg1 Qg5 34. e4 Rf8 35.
Bb6 Qd2 36. Bf3 Be3+ 37. Bxe3 Nxe3 38. Kf2 Nxb4 39. Qxb4 Nd1+ 40. Rxd1 Qxb4 41.
Rd3 Qxe4 42. Rc3 Qg4 0-1

[Event "Bundesliga 9900"]
[Site "Deutschland"]
[Date "2000.04.09"]
[Round "15.7"]
[White "Proehl, Holger"]
[Black "Jackelen, Thomas"]
[Result "0-1"]
[WhiteElo "2389"]
[BlackElo "2368"]
[PlyCount "108"]
[EventDate "1999.10.09"]
[EventType "team"]
[EventRounds "15"]
[EventCountry "GER"]
[SourceTitle "Bundesliga 9900"]
[Source "DeepChess"]
[SourceDate "2005.01.01"]
[SourceVersion "1"]
[SourceVersionDate "2005.01.01"]
[SourceQuality "1"]
[WhiteTeam "USC Magdeburg"]
[BlackTeam "Godesberger SK 1929"]
[WhiteTeamCountry "GER"]
[BlackTeamCountry "GER"]

1. e4 d5 2. exd5 Qxd5 3. Nc3 Qa5 4. h3 Nf6 5. Nf3 c6 6. Bd3 Nbd7 7. O-O e6 8.
Re1 Be7 9. Bf1 O-O 10. d4 Rd8 11. Bf4 Nd5 12. Nxd5 cxd5 13. Bd3 Nf6 14. c3 Bd7
15. Ne5 Be8 16. g4 Nd7 17. Nf3 Nf8 18. Qd2 b5 19. a3 Qb6 20. Bg5 Bxg5 21. Qxg5
a5 22. h4 b4 23. axb4 axb4 24. h5 f6 25. Qf4 h6 26. Qd2 bxc3 27. bxc3 Qc7 28.
Nh4 Bf7 29. Ng2 e5 30. dxe5 fxe5 31. Bf5 Rxa1 32. Rxa1 Ne6 33. Bxe6 Bxe6 34. g5
Kh7 35. Qe3 Rc8 36. g6+ Kh8 37. Re1 e4 38. Nf4 Bg8 39. Ra1 Qe5 40. Ra3 Rf8 41.
Ne2 Qxh5 42. Ra6 Rf3 43. Ng3 Qg4 44. Qd4 Rd3 45. Qa4 Qg5 46. Kg2 Qf4 47. Ra8
Qf3+ 48. Kg1 e3 49. Rxg8+ Kxg8 50. Qe8+ Qf8 51. Qe6+ Kh8 52. Nf5 exf2+ 53. Kxf2
Qb8 54. Nd6 Qb2+ 0-1

[Event "Bundesliga 9900"]
[Site "Deutschland"]
[Date "2000.04.09"]
[Round "15.8"]
[White "Schmidt, Bodo"]
[Black "Stolz, Mike"]
[Result "1/2-1/2"]
[WhiteElo "2384"]
[BlackElo "2308"]
[PlyCount "81"]
[EventDate "1999.10.09"]
[EventType "team"]
[EventRounds "15"]
[EventCountry "GER"]
[SourceTitle "Bundesliga 9900"]
[Source "DeepChess"]
[SourceDate "2005.01.01"]
[SourceVersion "1"]
[SourceVersionDate "2005.01.01"]
[SourceQuality "1"]
[WhiteTeam "Godesberger SK 1929"]
[BlackTeam "USC Magdeburg"]
[WhiteTeamCountry "GER"]
[BlackTeamCountry "GER"]

1. d4 Nf6 2. Bg5 e6 3. e4 h6 4. Bxf6 Qxf6 5. Qd2 d6 6. Nc3 g6 7. Bc4 Bg7 8.
Nge2 c6 9. O-O d5 10. Bd3 b6 11. b4 O-O 12. e5 Qe7 13. Rab1 c5 14. bxc5 bxc5
15. Bb5 cxd4 16. Qxd4 Bb7 17. f4 Nc6 18. Qa4 Rfc8 19. Kh1 g5 20. Rbe1 a6 21.
Bd3 Nb4 22. fxg5 hxg5 23. Rf3 Bxe5 24. Ref1 f6 25. Rb1 Nxd3 26. Rxd3 Rc4 27.
Qa5 Rac8 28. Re3 Qc7 29. Qa3 Bxc3 30. Rxe6 Ba8 31. Nxc3 Rxc3 32. Qxa6 Rxc2 33.
Rxf6 Rc1+ 34. Rf1 Rxb1 35. Qg6+ Qg7 36. Qe6+ Kh7 37. Qh3+ Kg8 38. Qe6+ Kh7 39.
Qh3+ Qh6 40. Qd7+ Qg7 41. Qh3+ 1/2-1/2

[Event "Bundesliga 9900"]
[Site "Deutschland"]
[Date "2000.04.09"]
[Round "15.1"]
[White "Epishin, Vladimir"]
[Black "Ftacnik, Lubomir"]
[Result "1/2-1/2"]
[WhiteElo "2657"]
[BlackElo "2589"]
[PlyCount "77"]
[EventDate "1999.10.09"]
[EventType "team"]
[EventRounds "15"]
[EventCountry "GER"]
[SourceTitle "Bundesliga 9900"]
[Source "DeepChess"]
[SourceDate "2005.01.01"]
[SourceVersion "1"]
[SourceVersionDate "2005.01.01"]
[SourceQuality "1"]
[WhiteTeam "PSV Turm Duisburg 1920 e.V."]
[BlackTeam "Hamburger SK 1830 e.V."]
[WhiteTeamCountry "GER"]
[BlackTeamCountry "GER"]

1. Nf3 Nf6 2. c4 c5 3. Nc3 e6 4. g3 b6 5. Bg2 Bb7 6. O-O Be7 7. Re1 d5 8. cxd5
Nxd5 9. e4 Nb4 10. d4 cxd4 11. Nxd4 N8c6 12. Nxc6 Qxd1 13. Rxd1 Bxc6 14. Rb1
Rd8 15. Rxd8+ Bxd8 16. Bf4 Nd3 17. Bb8 Kd7 18. Bf1 Bf6 19. Bxa7 Nxb2 20. Rxb2
Bxc3 21. Rxb6 Ra8 22. Ra6 Bxe4 23. Bb5+ Kc8 24. Bb6 Rxa6 25. Bxa6+ Kd7 26. a4
Kc6 27. Be3 Kc7 28. Bb5 Bc6 29. Bxc6 Kxc6 30. Kf1 Kd5 31. Ke2 Kc4 32. Bb6 Kb4
33. Kd3 Be1 34. Ke2 Bc3 35. Kd3 Be1 36. Bd4 Kxa4 37. Ke2 Ba5 38. Bxg7 Kb5 39.
Ke3 1/2-1/2

[Event "Bundesliga 9900"]
[Site "Deutschland"]
[Date "2000.04.09"]
[Round "15.2"]
[White "Wahls, Matthias"]
[Black "Sax, Gyula"]
[Result "1/2-1/2"]
[WhiteElo "2582"]
[BlackElo "2588"]
[PlyCount "84"]
[EventDate "1999.10.09"]
[EventType "team"]
[EventRounds "15"]
[EventCountry "GER"]
[SourceTitle "Bundesliga 9900"]
[Source "DeepChess"]
[SourceDate "2005.01.01"]
[SourceVersion "1"]
[SourceVersionDate "2005.01.01"]
[SourceQuality "1"]
[WhiteTeam "Hamburger SK 1830 e.V."]
[BlackTeam "PSV Turm Duisburg 1920 e.V."]
[WhiteTeamCountry "GER"]
[BlackTeamCountry "GER"]

1. e4 c5 2. Nf3 e6 3. d4 cxd4 4. Nxd4 Nf6 5. Nc3 d6 6. g4 h6 7. h3 Nc6 8. Be3
a6 9. f4 d5 10. exd5 Nxd5 11. Nxd5 Qxd5 12. Rg1 Bd7 13. Bg2 Qa5+ 14. c3 Be7 15.
Nb3 Qc7 16. Qf3 Bh4+ 17. Bf2 Bxf2+ 18. Qxf2 g5 19. Rf1 Qxf4 20. Qxf4 gxf4 21.
Rxf4 b6 22. O-O-O Rc8 23. Nd4 Nd8 24. Nf3 Ke7 25. Ne5 Be8 26. Nc4 Rb8 27. Rfd4
Bb5 28. Nd6 Be8 29. Rb4 b5 30. Nxe8 Rxe8 31. a4 Rg8 32. axb5 axb5 33. h4 f6 34.
Bf3 Nf7 35. Be2 Nd6 36. Kc2 Rgc8 37. Ra1 Rb7 38. Ra5 Rc5 39. Ra8 Re5 40. Bf3
Rc7 41. Rh8 Nf7 42. Rb8 Nd6 1/2-1/2

[Event "Bundesliga 9900"]
[Site "Deutschland"]
[Date "2000.04.09"]
[Round "15.4"]
[White "Heinemann, Thies"]
[Black "Kraut, Rainer"]
[Result "1-0"]
[WhiteElo "2489"]
[BlackElo "2453"]
[PlyCount "95"]
[EventDate "1999.10.09"]
[EventType "team"]
[EventRounds "15"]
[EventCountry "GER"]
[SourceTitle "Bundesliga 9900"]
[Source "DeepChess"]
[SourceDate "2005.01.01"]
[SourceVersion "1"]
[SourceVersionDate "2005.01.01"]
[SourceQuality "1"]
[WhiteTeam "Hamburger SK 1830 e.V."]
[BlackTeam "PSV Turm Duisburg 1920 e.V."]
[WhiteTeamCountry "GER"]
[BlackTeamCountry "GER"]

1. e4 c5 2. Nf3 d6 3. d4 cxd4 4. Nxd4 Nf6 5. Nc3 Nc6 6. Bg5 e6 7. Qd2 a6 8.
O-O-O Bd7 9. f4 b5 10. Nxc6 Bxc6 11. Qe3 Be7 12. Bxf6 Bxf6 13. e5 Be7 14. exd6
Bxd6 15. Ne4 Bxe4 16. Qxe4 O-O 17. Bd3 g6 18. h4 Qf6 19. Rdf1 Rfd8 20. g4 Bf8
21. f5 Bg7 22. c3 exf5 23. gxf5 Qd6 24. Bc2 Rac8 25. fxg6 hxg6 26. h5 Rc4 27.
Qf3 Bh6+ 28. Kb1 Rf4 29. Qg2 Qd2 30. Qg3 Rxf1+ 31. Rxf1 Qe2 32. Rh1 Rd2 33.
hxg6 Rxc2 34. gxf7+ Kxf7 35. Qc7+ Ke8 36. Qc8+ Ke7 37. Qc5+ Kd8 38. Qd6+ Kc8
39. Qxa6+ Kc7 40. Qa7+ Kc8 41. Qc5+ Kd8 42. Qd5+ Ke7 43. Rxh6 Rxb2+ 44. Ka1
Rxa2+ 45. Qxa2 Qe1+ 46. Qb1 Qxc3+ 47. Qb2 Qa5+ 48. Kb1 1-0

[Event "Bundesliga 9900"]
[Site "Deutschland"]
[Date "2000.04.09"]
[Round "15.5"]
[White "Machelett, Heiko"]
[Black "Hansen, Sune Berg"]
[Result "1/2-1/2"]
[WhiteElo "2380"]
[BlackElo "2558"]
[PlyCount "84"]
[EventDate "1999.10.09"]
[EventType "team"]
[EventRounds "15"]
[EventCountry "GER"]
[SourceTitle "Bundesliga 9900"]
[Source "DeepChess"]
[SourceDate "2005.01.01"]
[SourceVersion "1"]
[SourceVersionDate "2005.01.01"]
[SourceQuality "1"]
[WhiteTeam "PSV Turm Duisburg 1920 e.V."]
[BlackTeam "Hamburger SK 1830 e.V."]
[WhiteTeamCountry "GER"]
[BlackTeamCountry "GER"]

1. d4 Nf6 2. c4 e6 3. Nc3 d5 4. cxd5 exd5 5. Bg5 c6 6. e3 Bf5 7. Nge2 Nbd7 8.
Ng3 Bg6 9. Bd3 Nb6 10. O-O Be7 11. Nf5 Bxf5 12. Bxf5 O-O 13. Qc2 g6 14. Bd3 Re8
15. Rae1 Nh5 16. Bh6 Bf8 17. Bxf8 Rxf8 18. f4 f5 19. Nb1 Qe7 20. Nd2 Rac8 21.
Nf3 c5 22. dxc5 Qxc5 23. Qxc5 Rxc5 24. Rc1 Rfc8 25. Rxc5 Rxc5 26. Kf2 Nf6 27.
Ke2 Kf7 28. Rd1 Ke7 29. h3 Ra5 30. a3 Na4 31. Rd2 Rc5 32. Kd1 Nb6 33. Rc2 Nc4
34. Ke2 Kd6 35. Nd4 a6 36. Nb3 Rc7 37. Nd4 b5 38. Kf3 h5 39. g3 Rc8 40. Re2 Re8
41. Kf2 Kd7 42. Nf3 Ne4+ 1/2-1/2